Państwa Afryki z geografii - Statystyki

Ogólne statystyki
  • Ten quiz został rozwiązany 23 razy
  • Średni wynik to 9 z 14
Statystyki odpowiedzi
Kraj Stolica % Poprawnych
Maroko Rabat
100%
Algieria Algier
86%
Egipt Kair
81%
Tunezja Tunis
76%
Kenia Nairobi
71%
RPA Pretoria
71%
Etiopia Addis Abeba
67%
Madagaskar Antananarywa
62%
Libia Trypolis
62%
Sudan Chartum
57%
Demokratyczna Republika Konga Kinszasa
57%
Nigeria Abudża
48%
Sudan Południowy Dżuba
48%
Tanzania Dodoma
38%
Nie znaleziono quizów pasujących do podanych kryteriów
Rozkład punktacji
Procent ludzi z każdym wynikiem
Percentyl według liczby udzielonych odpowiedzi
Twoja historia wyników
Nie rozwiązałeś tego quizu